000 00741nam a2200217 a 4500
001 77732
003 BD-RjUL
005 20211209083021.0
008 210104s2002 bg ||||| |||| 00| 0 ben d
035 _a(BD-RjUL)77958
040 _aBD-RjUL
_beng
_cBD-RjUL
041 _aben
082 _223
_a954.92
_bISD 2002
100 _aইসলাম, মো: সাইফুল
_9243203
245 1 0 _aদর্পন /
_cমো: সাইফুল ইসলাম
260 _aবগুড়া :
_bসিরিন আক্তার বানু,
_c২০০২
300 _a৪৮ পৃ.;
_c২১ সেমি.
651 _aবাংলাদেশ
_xইতিহাস
_9243204
651 _aBangladesh
_xHistory
_9243205
942 _2ddc
_cBK
999 _c77732
_d77732